000 00254nam a22001217a 4500
008 180302b xxu||||| |||| 00| 0 eng d
041 _aeng
080 _a574
100 _a9
101 _amje
245 _afarm buildings
_cdeane.g.c
942 _2udc
_cBK
999 _c43908
_d43908